Lebenswege in Thüringen: ... Sammlung
| Subtitles: | Reihe Lebenswege in Thüringen THBL Thüringer Biographisches Lexikon |
|---|---|
| Format: | Print Journal |
| Language: | German |
| Subito Delivery Service: | Order now. |
| Check availability: | HBZ Gateway |
| WorldCat: | WorldCat |
| Interlibrary Loan: | Für eine Fernleihe wählen Sie bitte zuerst einen Band oder Aufsatz aus. |
| Published: |
Jena
Vopelius
2000-2025
Weimar Selbstverl. der Histor. Komm. für Thüringen -2006 |
| In: | Year: 2000 |
| Series/Journal: | Thüringer Biographisches Lexikon
|
| Standardized Subjects / Keyword chains: | B
Thuringia
|
| Further subjects: | B
Biography
B Journal B List |
MARC
| LEADER | 00000cas a2200000 c 4500 | ||
|---|---|---|---|
| 001 | 327649143 | ||
| 003 | DE-627 | ||
| 005 | 20260413143808.0 | ||
| 007 | tu | ||
| 008 | 010404d20002025gw z| p| hr 0 |0ger c | ||
| 015 | |a 00,B39,0720 |2 dnb | ||
| 016 | 7 | |a 021660468 |2 DE-101 | |
| 016 | 7 | |a 2044275-0 |2 DE-600 | |
| 022 | |a 0943-9846 | ||
| 035 | |a (DE-627)327649143 | ||
| 035 | |a (DE-576)094145989 | ||
| 035 | |a (DE-599)ZDB2044275-0 | ||
| 035 | |a (OCoLC)1184797741 | ||
| 040 | |a DE-627 |b ger |c DE-627 |e rakwb | ||
| 041 | |a ger | ||
| 044 | |c XA-DE | ||
| 082 | 0 | 4 | |a 920 |a 943 |q DE-101 |
| 082 | 0 | 4 | |a 920 |a 943 |q DE-600 |
| 084 | |a 1 |2 ssgn | ||
| 084 | |a AF 18720 |2 rvk |0 (DE-625)rvk/780:375 | ||
| 084 | |a NR 6400 |2 rvk |0 (DE-625)rvk/129585: | ||
| 084 | |a 15.48 |2 bkl | ||
| 245 | 0 | 0 | |a Lebenswege in Thüringen |b ... Sammlung |
| 246 | 1 | |i Abweichender Titel |a Reihe Lebenswege in Thüringen | |
| 246 | 3 | 3 | |a Thüringer Biographisches Lexikon |
| 246 | 3 | 3 | |a THBL |
| 264 | 3 | 1 | |a Jena |b Vopelius |c 2000-2025 |
| 264 | 2 | 1 | |a Weimar |b Selbstverl. der Histor. Komm. für Thüringen |c -2006 |
| 300 | |c 21 cm | ||
| 336 | |a Text |b txt |2 rdacontent | ||
| 337 | |a ohne Hilfsmittel zu benutzen |b n |2 rdamedia | ||
| 338 | |a Band |b nc |2 rdacarrier | ||
| 362 | 0 | |a 1.2000-6. ; damit Erscheinen eingestellt | |
| 363 | 0 | 0 | |a 1 |i 2000 |
| 363 | 1 | 0 | |i 2025 |a 6 |
| 490 | 0 | |a Thüringer Biographisches Lexikon | |
| 500 | |a Weitere Bände zugleich Bände von: Zeitschrift für Thüringische Geschichte. Beiheft | ||
| 515 | |a Zwischen 2016 und 2024 nicht erschienen | ||
| 555 | |a Index Sammlung 1/5 in: 5. Sammlung | ||
| 591 | |a 24!(03-12-20)14!läuft weiter(20-11-25)101a!(13-04-26) | ||
| 601 | |a Sammlung | ||
| 655 | 7 | |a Zeitschrift |0 (DE-588)4067488-5 |0 (DE-627)10454466X |0 (DE-576)20917000X |2 gnd-content | |
| 655 | 7 | |a Biografie |0 (DE-588)4006804-3 |0 (DE-627)104213493 |0 (DE-576)208867147 |2 gnd-content | |
| 655 | 7 | |a Verzeichnis |0 (DE-588)4188171-0 |0 (DE-627)105266639 |0 (DE-576)210051078 |2 gnd-content | |
| 689 | 0 | 0 | |d g |0 (DE-588)4059979-6 |0 (DE-627)106141384 |0 (DE-576)20913321X |2 gnd |a Thüringen |
| 689 | 0 | |5 DE-101 | |
| 689 | 1 | 0 | |d g |0 (DE-588)4059979-6 |0 (DE-627)106141384 |0 (DE-576)20913321X |2 gnd |a Thüringen |
| 689 | 1 | |5 (DE-627) | |
| 935 | |a BGTS | ||
| 936 | r | v | |a AF 18720 |b Lebensbilder |k Allgemeines |k Biografische Lexika |k Europa |k Mitteleuropa |k Deutschland |k Deutschland (Östliche Länder) |k Thüringen (Erfurt, Suhl, Gera) |k Lebensbilder |0 (DE-627)1272555607 |0 (DE-625)rvk/780:375 |0 (DE-576)202555607 |
| 936 | r | v | |a NR 6400 |b Landesgeschichte |k Geschichte |k Landes- und Stadtgeschichte (Allgemeine, Deutsche und Österreichische Landes- und Stadtgeschichte, Ausländische Stadtgeschichte, Geschichte der Auslanddeutschen) |k Deutsche Landesgeschichte im Einzelnen (einschl. ehemaliger deutscher Gebiete) |k Thüringen, Sachsen, Sachsen-Anhalt |k Landesgeschichte |0 (DE-627)1271310988 |0 (DE-625)rvk/129585: |0 (DE-576)201310988 |
| 936 | b | k | |a 15.48 |j Sachsen |j Sachsen-Anhalt |j Thüringen |x Geschichte |q coli-conc RVK->BK |q https://coli-conc.gbv.de/api/mappings/69e3174c-4172-4d6d-855c-11f7927ce3c6 |0 (DE-627)181571048 |
| 951 | |a JT | ||
| ELC | |b 1 | ||
| ITA | |a 1 |t 1 | ||
| LOK | |0 000 xxxxxcx a22 zn 4500 | ||
| LOK | |0 001 2399701712 | ||
| LOK | |0 003 DE-627 | ||
| LOK | |0 004 327649143 | ||
| LOK | |0 005 20100908100107 | ||
| LOK | |0 008 010716||||||||||||||||ger||||||| | ||
| LOK | |0 040 |a DE-21 |c DE-627 |d DE-21 | ||
| LOK | |0 852 |a DE-21 | ||
| LOK | |0 852 1 |9 00 | ||
| LOK | |0 938 |l 51 |8 2 | ||
| LOK | |0 939 |a 2001-07-16 |b l01 | ||
| ORI | |a TA-MARC-ixtheoa001.raw | ||
| REL | |a 1 | ||
| STA | 0 | 0 | |a Thuringia,Thuringia,Thuringia,Thüringen,Southern Thuringia,Thüringen,Eastern Thuringia |
| SUB | |a REL | ||
| SYG | 0 | 0 | |a Thüringen,Gemeinschaftliches Oberlandesgericht,Gemeinschaftliches Thüringisches Oberlandesgericht,Gemeinschaftliches Thüringisches Oberlandesgericht Jena,Gemeinschaftliches Oberlandesgericht Thüringischer Staaten,Thüringisches Oberlandesgericht,Thüringisches Oberlandesgericht Jena,Oberlandesgericht Thüringischer Staaten,Oberlandesgericht Thüringischer Staaten zu Jena,OLG Jena , Freistaat Thüringen,Land Thüringen,Thuringia,Thüringer Land,Großthüringen,Grossthüringen,Großgemarkung Thüringen,Vereinigte Thüringische Staaten , Thüringen,Gemeinschaftliches Oberlandesgericht,Gemeinschaftliches Thüringisches Oberlandesgericht,Gemeinschaftliches Thüringisches Oberlandesgericht Jena,Gemeinschaftliches Oberlandesgericht Thüringischer Staaten,Thüringisches Oberlandesgericht,Thüringisches Oberlandesgericht Jena,Oberlandesgericht Thüringischer Staaten,Oberlandesgericht Thüringischer Staaten zu Jena,OLG Jena , Freistaat Thüringen,Land Thüringen,Thuringia,Thüringer Land,Großthüringen,Grossthüringen,Großgemarkung Thüringen,Vereinigte Thüringische Staaten |
| TIM | |a 100019200501_100019520723 |b 1920-05-01 - 1952-07-23 | ||



